书目信息 |
| 题名: |
醒来觉得甚是爱你
|
|
| 作者: | 朱生豪, 著 | |
| 分册: | ||
| 出版信息: | 北京 民主与建设出版社 2020.04 |
|
| 页数: | 250页 | |
| 开本: | 21cm | |
| 丛书名: | ||
| 单 册: | ||
| 中图分类: | K825.6=6 | |
| 科图分类: | ||
| 主题词: | 书信集--shu xin ji--中国--现代 | |
| 电子资源: | ||
| ISBN: | 978-7-5139-2876-2 | |
| 000 | 01056nam0 2200265 450 | |
| 001 | 2037718573 | |
| 005 | 20201106102850.54 | |
| 010 | @a978-7-5139-2876-2@dCNY49.80 | |
| 100 | @a20200601d2020 em y0chiy50 ea | |
| 101 | 0 | @achi |
| 102 | @aCN@b110000 | |
| 105 | @ay a 000ey | |
| 200 | 1 | @a醒来觉得甚是爱你@Axing lai jue de shen shi ai ni@e朱生豪情书集@f朱生豪著 |
| 210 | @a北京@c民主与建设出版社@d2020.04 | |
| 215 | @a250页@d21cm | |
| 314 | @a朱生豪, 著名的莎士比亚戏剧翻译家、诗人。 | |
| 320 | @a有书目 | |
| 330 | @a朱生豪自1933年与宋清如相遇, 至1944年英年早逝, 十年之中, 二人书信不断, 留下了数百封感人肺腑、才华横溢的情书。本书是从朱生豪情书中精选的内容, 再现了朱生豪与宋清如的美好爱情, 令读者深深地体悟美好情感的力量和别具一格的生活情趣。 | |
| 517 | 1 | @a朱生豪情书集@Azhu sheng hao qing shu ji |
| 600 | 0 | @a朱生豪,@Azhu sheng hao@f1912-1944@x书信集 |
| 606 | 0 | @a书信集@Ashu xin ji@y中国@z现代 |
| 690 | @aK825.6=6@v5 | |
| 701 | 0 | @a朱生豪,@Azhu sheng hao@f1912-1944@4著 |
| 801 | 0 | @aCN@b人天书店@c20201024 |
| 905 | @aZUCC@dK825.6@eZ872 | |
| 醒来觉得甚是爱你:朱生豪情书集/朱生豪著.-北京:民主与建设出版社,2020.04 |
| 250页;21cm |
| ISBN 978-7-5139-2876-2:CNY49.80 |
| 朱生豪自1933年与宋清如相遇, 至1944年英年早逝, 十年之中, 二人书信不断, 留下了数百封感人肺腑、才华横溢的情书。本书是从朱生豪情书中精选的内容, 再现了朱生豪与宋清如的美好爱情, 令读者深深地体悟美好情感的力量和别具一格的生活情趣。 |
| ● |
| 相关链接 |
|
|
|
正题名:醒来觉得甚是爱你
索取号:K825.6/Z872
 
预约/预借
| 序号 | 登录号 | 条形码 | 馆藏地/架位号 | 状态 | 备注 |
| 1 | 1481791 | 214817910 | 社科库309/309社科库 53排3列1层/ [索取号:K825.6/Z872] | 在馆 | |
| 2 | 1481792 | 214817929 | 社科库309/309社科库 53排3列1层/ [索取号:K825.6/Z872] | 在馆 |